Sławni Polacy żyjący w XIX wieku - nagła śmierć - Statystyki

Ogólne statystyki
  • Ten quiz został rozwiązany 75 razy
  • Średni wynik to 4 z 22
Answers on the Grid
Answers color-coded by a green-red scale on the quiz's grid according to % correct below.
Władysław Anders
Henryk Arctowski
Zdzisław Beksiński
Marcin Biem
Eugeniusz Bodo
Olga Boznańska
Zbigniew Brzeziński
Jan Henryk Dąbrowski
Xawery Dunikowski
Adolf Dymsza
Max Factor Sr.
św. Faustyna
Aleksander Fredro
Witold Gombrowicz
Henryk Mikołaj Górecki
Ryszard Kapuściński
Jan Karski
Jan Kiepura
Maksymilian Maria Kolbe
Hugo Kołłątaj
Stanisław Konarski
Stanisław Koniecpolski
Jerzy Kosiński
Tadeusz Kościuszko
Ignacy Krasicki
Zygmunt Krasiński
Stanisław Leszczyński
Samuel Linde
Witold Lutosławski
Ignacy Łukasiewicz
Ernest Malinowski
Tadeusz Mazowiecki
Stanisław Mikołajczyk
Czesław Miłosz
Ignacy Mościcki
Adam Naruszewicz
Pola Negri
Ignacy Jan Paderewski
Witold Pilecki
Stanisław August Poniatowski
Wacław Potocki
Kazimierz Pułaski
Krzysztof Radziwiłł
Mikołaj Rej
Artur Rubinstein
Stanisław Staszic
Wit Stwosz
Wisława Szymborska
Stanisław Wigura
Wincenty Witos
Paweł Włodkowic
Jan Zamoyski
 
Statystyki odpowiedzi
Odpowiedź % Poprawnych
Aleksander Fredro
41%
Władysław Anders
38%
Henryk Arctowski
35%
Wincenty Witos
29%
Jan Henryk Dąbrowski
26%
Tadeusz Kościuszko
26%
Ignacy Jan Paderewski
24%
Zygmunt Krasiński
24%
Ernest Malinowski
18%
Hugo Kołłątaj
18%
Ignacy Mościcki
18%
Maksymilian Maria Kolbe
18%
Eugeniusz Bodo
15%
Ignacy Łukasiewicz
15%
Max Factor Sr.
12%
Pola Negri
12%
Stanisław Staszic
12%
Adolf Dymsza
9%
Ignacy Krasicki
9%
Olga Boznańska
9%
Xawery Dunikowski
9%
Artur Rubinstein
6%
Nie znaleziono quizów pasujących do podanych kryteriów
Rozkład punktacji
Procent ludzi z każdym wynikiem
Percentyl według liczby udzielonych odpowiedzi
Twoja historia wyników
Nie rozwiązałeś tego quizu